| 000 | 00343 a2200145 4500 | ||
|---|---|---|---|
| 005 | 20250625140345.0 | ||
| 020 | _a0-471-03588-2 | ||
| 082 | _aLM 620.1053 GIN | ||
| 100 | _aGINSBERG | ||
| 245 | _aStatics | ||
| 260 |
_aNew York, _bJohn Wiley & Sons, _c1977. |
||
| 300 |
_axi, 439p.: ill. _bIndex _c24cm. |
||
| 700 | _aGENIN, J. | ||
| 942 |
_2ddc _cBKS |
||
| 999 |
_c1592 _d1592 |
||